| 000 | 00832cab a2200217 4500 | ||
|---|---|---|---|
| 001 | X84272 | ||
| 008 | 090401t1997 xxu||||| |||| 00| 0 eng d | ||
| 035 | _a(Sirsi) u78663 | ||
| 041 | _aeng | ||
| 245 | _aCarrs Bury St Edmunds Limited v Whitworth Partnership and Barnes Group | ||
| 260 | _c1997 | ||
| 350 | _a0 | ||
| 490 |
_aConstruction Law Journal _v[1997] 13 Const.L.J. 199-207 |
||
| 520 | _aORB 28 November 1996. Practice and procedure - R.S.C. Order 22, rule 3 - payments into court by defendants sued severally - form of notice of acceptance - limits and exercise of court`s discretion as to costs. (Headnote taken from journal). | ||
| 650 | _aBREACH OF CONTRACT | ||
| 650 | _aNEGLIGENCE | ||
| 650 | _aPAYMENT | ||
| 690 | _aMANAGEMENT-BUSINESS MANAGEMENT-PROFESSIONAL PRACTICE | ||
| 942 | _n0 | ||
| 948 | _c30/05/1997 | ||
| 999 |
_c49467 _d49467 |
||